000 00321nam a22001457a 4500
008 210303b ||||| |||| 00| 0 eng d
020 _a9780201918250
041 _aeng
080 _a621
082 _a621
100 _a26
101 _aMEK
245 _aThe Student Edition of Autocad
_cKyles, S. R
942 _2udc
_cBK
999 _c55695
_d55695